000 00280nam a2200121Ia 4500
008 191201s2011 xx 000 0 und d
100 _aKHAN,M.I
245 0 _aManufacturing Science
260 _aN. delhi
_bPHI
_c2011
300 _a562
650 _aM.Tech (ME)
942 _2ddc
_cBK
_04
999 _c5095
_d5095